Like a Boss Lyrics - Statistics

General Stats
  • This quiz has been taken 1,145 times
    1,130 since last reset
  • The average score is 30 of 45
Answer Stats
Hint Answer % Correct
Okay, so take us through a day in the life of the _______. boss
88%
Shit on Debra's _______. desk
88%
Puke on Debra's _______. desk
88%
Hit on _______. Debra
87%
No _______. problem
84%
Get _______. rejected
84%
Crash my _______. car
83%
Jump out the _______. window
83%
Now i'm _______. dead
80%
Swallow _______. sadness
80%
Remeber _______. birthdays
79%
Meet a giant _______. fish
78%
Harrassment _______. lawsuit
78%
Approve _______. memos
77%
Demand a _______. refund
77%
Cry _______. deeply
75%
Buy a _______. gun
74%
In my _______. mouth
74%
Call a ___ ____. sex line
74%
Score some _______. coke
73%
Eat a _______. bagel
72%
Send some _______. faxes
72%
Crash into the _______. sun
68%
My own _______. bathroom
67%
Bomb the _______. Russians
67%
Blackout in the _______. sewer
67%
Lead a _______. workshop
65%
Promote _______. Synergy
64%
Fifth some _______. Vodka
61%
Turn into a _______. jet
59%
No _______. promotion
58%
Mr. Sambeg, thanks for coming to your _______ review. performance
57%
Direct _______. Workflow
57%
No I heard you, see ya later. ___ _ ___. LIKE A BOSS
55%
So you're in charge around here, is that _______ to say? fair
54%
Okay, well this has been eye opening for me. __ __ ___. I'm the boss
54%
Yeah, no i got that. You said it about for-hundred times. __ __ ___. I'm the boss
54%
Yeah, yeah i got it. __ __ ___. I'm the boss
54%
Well the first thing i do is ___ _ _______. talk to corporate
53%
Eat some ____ ___. chicken strips
52%
You chop your balls off and die? ____ ___. Hell yea
37%
Uh huh. So that's an average day for you then? _______. No doubt
36%
_______ i'm the boss. Absolutely
30%
_______ Micromanage
30%
Actually, i'm pretty sure you did. ___ ____ ____ ___ Nah, that ain't me
23%
No matching quizzes found
Score Distribution
Percent of People with Each Score
Percentile by Number Answered
Your Score History
You have not taken this quiz since the last reset